01081nam a2200181Ia 4500003000400000005001700004008004100021020001300062040002100075041000800096082001500104100002000119245002500139260004000164300006300204520061000267650002200877OSt20250702131927.0210310t1994 ck a er 000 p spa d a95800639 aCO-JMCRcCO-JMCR0 aspa04aA-PbHOMo11 aHomero, eautor13aLa Odisea / cHomero aBogotá : bPanamericana, c©1994 a353 páginas : bilustraciones a blanco y negro, c20 cm.3 aLos pastizales de Itaca, las blancas islas en el mar azul y la ciudad de los feacios, manifiestan en La odisea un ambiente más sereno que el presentado por la otra gran epopeya griega: La iliada. A aunque en la odisea la muerte esta presente, el espíritu es reposado, allí las victimas son presencia y no oscuro recuerdo, se respira en resquemor de la guerra, el hombre combate noblemente contra el destino y el ambiente. Odisea es un viaje en el que abunda la aventura; La odisea, narra el regreso de Odiseo a su lugar. Un largo y tormentoso periplo donde la astucia desempeña un papel principal.14aPoesía épica.